ბათუმის შოთა რუსთაველის სახელმწიფო უნივერსიტეტის ბიბლიოთეკა

თხზულებანი: (ბიბ.ჩანაწერი № 41535)

000 -ლიდერი
ფიქსირებული სიგრძის საკონტროლო ველი 01008nam a2200229Ia 4500
001 - საკონტროლო ნომერი
საკონტროლო ველი 8202
003 - საკონტროლო ნომრის იდენტიფიკატორი
საკონტროლო ველი GE_BSU
005 - ბოლო ოპერაციის თარიღი და დრო
საკონტროლო ველი 20221005101534.0
008 - ფიქსირებული სიგრძის მონაცემთა ელემენტები - ზოგადი ინფორმაცია
ფიქსირებული სიგრძის საკონტროლო ველი 181216s1990ge xx |||||||||||||| ||geo||
040 ## - კატალოგიზაციის წყარო
Transcribing agency GE_BSU
041 ## - ენის კოდი
Language code of text/sound track or separate title geo
080 ## - უნივერსალური ათობითი კლასიფიკაციის ინდექსი
Universal Decimal Classification number 821.353.1-32 დ-90
100 ## - მთავარი ჩანაწერი - პიროვნების სახელი
Personal name დუმბაძე, ნოდარ
9 (RLIN) 1321
245 ## - ცნობა სათაურის შესახებ
Title თხზულებანი:
Remainder of title ოთხ წიგნად. მოთხრობები : წ.3. /
Statement of responsibility, etc ნოდარ დუმბაძე, რედ. გურამ გვერდწითელი, მხატვ. ნ.მალაზონია.
264 ## - წარმოების, გამოცემის, დისტრიბუციის და სხვა ცნობები
გამოცემის, წარმოების, დისტრიბუციის... ადგილი თბილისი :
გამოცემის, წარმოების, დისტრიბუციის... სახელწოდება მერანი,
გამოცემის, წარმოების, დისტრიბუციის... თარიღი 1990.
300 ## - ფიზიკური აღწერა
Extent 525 გვ ;
Other physical details ილ.
Dimensions 20 სმ.
653 ## - INDEX TERM--UNCONTROLLED
Uncontrolled term თხზულებანი.
653 ## - INDEX TERM--UNCONTROLLED
Uncontrolled term მოთხრობები
700 ## - ADDED ENTRY--PERSONAL NAME
Personal name გვერდწითელი, გურამ
Relator term რედაქტორი
9 (RLIN) 3781
700 ## - ADDED ENTRY--PERSONAL NAME
Personal name მალაზონია, ნ
Relator term მხატვარი
9 (RLIN) 15038
942 ## - ADDED ENTRY ELEMENTS (KOHA)
Koha item type წიგნი
Source of classification or shelving scheme
ეგზემპლარები
ჩამოწერის სტატუსი დაკარგული ეგზემპლარის სტატუსი კლასიფიკაციის წყარო ან თაროზე გაწყობის სქემა დაზიანების სტატუსი არ გაიცემა მუდმივი მდებარეობა (დაცვის ადგილი) ამჟამინდელი ადგილსამყოფელი თაროზე განთავსების ადგილი შეძენის თარიღი ღირებულება, შესყიდვის ნორმალური ფასი სრული შენახვის შიფრი შტრიხკოდი ბოლო ოპერაციის თარიღი ეგზემპლარის მიმდევრობითი ნომერი (კეტერი?) ფასის ძალაში შესვლის თარიღი ეგზემპლარის სახეობა საჯარო შენიშვნა
          ბათუმის შოთა რუსთაველის სახელმწიფო უნივერსიტეტის მთავარი ბიბლიოთეკა ბათუმის შოთა რუსთაველის სახელმწიფო უნივერსიტეტის მთავარი ბიბლიოთეკა წიგნსაცავი 2018-12-17 10.00 821.353.1-32 დ-90 25127 2018-12-17 25127 2018-12-17 წიგნი 10.00
          ბათუმის შოთა რუსთაველის სახელმწიფო უნივერსიტეტის მთავარი ბიბლიოთეკა ბათუმის შოთა რუსთაველის სახელმწიფო უნივერსიტეტის მთავარი ბიბლიოთეკა წიგნსაცავი 2018-12-17 10.00 821.353.1-32 დ-90 25128 2018-12-17 25128 2018-12-17 წიგნი 10.00